00434nam a22001457a 4500008004100000020001400041040001800055041000800073060002200081100002100103245008000124260005100204300001800255650001500273130821s1997 xxu gr eng  a815122100 aCo-BoUCMbspa00aeng aQS 4bH659f21997 aHinkle, Carla Z.00aFundamentals of Anatomy and MovementbA workbook and guidecCarla Z. Hinkle aSan Luis (Misuri, Estados Unidos)bMosbyc1997 a288 páginas04aAnatomía